Normal view
MARC view
- The Definitive Guide to Exploring and Understanding our Solar Systems and The Universe Beyond: Essential Guide to SPACE
Entry Topical Term
001 - CONTROL NUMBER
- control field: 96793
003 - CONTROL NUMBER IDENTIFIER
- control field: NUST
005 - DATE AND TIME OF LATEST TRANSACTION
- control field: 20220811093321.0
008 - FIXED-LENGTH DATA ELEMENTS
- fixed length control field: 220811|| aca||aabn | a|a d
040 ## - CATALOGING SOURCE
- Original cataloging agency: NUST
- Transcribing agency: NUST
150 ## - HEADING--TOPICAL TERM
- Topical term or geographic name entry element: The Definitive Guide to Exploring and Understanding our Solar Systems and The Universe Beyond: Essential Guide to SPACE
670 ## - SOURCE DATA FOUND
- Source citation: Work cat.: (NUST): Paul Sutherland 96792, Essential Guide to SPACE:, 2016.
